Aliens Have Invaded My Television! Quiz Stats

Quiz Updated Oct 15, 2012

Challenge
Share
Tweet
Score 0/20 Timer 06:00
0 Plays Today
Image TV Show % Correct
Col3Star Trek
91.8%
Col2Alf
88.9%
Col4The Transformers
77%
Col3Mork & Mindy
75.3%
Col43rd Rock From The Sun
73.6%
Col2Lilo & Stitch: The Series
72.1%
Col1The Simpsons
67.1%
Col5Saturday Night Live
60.7%
Col4Smallville
53.6%
Col3The Flintstones
46.3%
Image TV Show % Correct
Col5Doctor Who
45.5%
Col4Galactica 1980
37.9%
Col1My Favorite Martian
35.6%
Col1V
34.7%
Col2Alien Nation
20%
Col1Roswell
17%
Col5The X-Files
15.7%
Col3Stargate SG-1
13.6%
Col2The Hitchhiker's Guide to the Galaxy
7.5%
Col5Earth: Final Conflict
3%

You're not logged in!

Compare scores with friends on all Sporcle quizzes.
Sign Up with Email
OR
Log In

You Might Also Like...

Show Comments

Extras

Top Quizzes Today


Score Distribution

Your Account Isn't Verified!

In order to create a playlist on Sporcle, you need to verify the email address you used during registration. Go to your Sporcle Settings to finish the process.